Loading...
| Beliefs | 8 | 13.75 | 100% | 25% | 13% |
| Fine Arts - Classical Music and Opera | 5 | 14.00 | 100% | 40% | 0% |
| Fine Arts - Other Arts | 8 | 18.75 | 100% | 63% | 25% |
| Geography | 4 | 17.50 | 100% | 50% | 25% |
| History - American | 9 | 12.22 | 89% | 22% | 11% |
| History - Ancient | 4 | 15.00 | 100% | 50% | 0% |
| History - European | 6 | 13.33 | 100% | 33% | 0% |
| History - Other | 1 | 10.00 | 100% | 0% | 0% |
| History - World | 8 | 13.75 | 88% | 50% | 0% |
| Literature - American | 9 | 13.33 | 78% | 56% | 0% |
| Literature - British | 6 | 20.00 | 100% | 83% | 17% |
| Literature - European | 7 | 18.57 | 100% | 57% | 29% |
| Literature - World | 8 | 16.25 | 100% | 38% | 25% |
| Modern World | 2 | 20.00 | 100% | 100% | 0% |
| Other Academic | 4 | 15.00 | 100% | 50% | 0% |
| Philosophy | 9 | 14.44 | 100% | 44% | 0% |
| Science - Biology | 8 | 13.75 | 100% | 38% | 0% |
| Science - Chemistry | 5 | 14.00 | 100% | 40% | 0% |
| Science - Other | 6 | 10.00 | 83% | 17% | 0% |
| Science - Physics | 7 | 12.86 | 86% | 43% | 0% |
| Social Science | 11 | 15.45 | 100% | 36% | 18% |
| Visual Arts | 5 | 14.00 | 100% | 40% | 0% |